000 00447nam a2200181Ia 4500
001 15993
005 20260306170236.0
008 260306t2019||||xx |||||||||||||| ||und||
041 _aESP
082 _a346.52
_bE88 T. 2
100 _aEspinoza Espinoza, Juan
_eAUT
245 0 _aDerecho de la responsabilidad civil
260 _c2019
300 _apáginas 841-1694 :
_c25 cm.
650 _aGEN
654 _aCDE
942 _cLIB
_dJUS
_fJUS
_2ddc
_n
999 _c15993
_d15993